| 000 | 00601nam a2200169 a 4500 | ||
|---|---|---|---|
| 001 | 000237848 | ||
| 003 | AM-YeHGA | ||
| 005 | 20250617124717.0 | ||
| 008 | 030620s1927 ||| 000 | arm d | ||
| 040 | _aAM-YeHGA | ||
| 245 | 1 | 0 |
_aԱթլանդիտ : _bՊատկերազարդ մեծ վէպ / _cԲ. Պընուա; Թարգմ.՝ Մ. Անանեան. |
| 260 |
_aԿ. Պոլիս : _bտպ. Մ. Տէր-Սահակեան, _c1927. |
||
| 300 |
_a272 էջ _bնկ. ; _c19 սմ. |
||
| 650 | 1 | 4 |
_aՖրանսիական գրականություն _xՎեպ |
| 700 | 1 |
_aԱնանեան, Մ. _eթարգմ. _4trl |
|
| 090 | _c85440 | ||
| 999 |
_c84164 _d84164 |
||